| 000 | 01429nam a22003257a 4500 | ||
|---|---|---|---|
| 001 | 390 | ||
| 003 | FISKH | ||
| 005 | 20230406102107.0 | ||
| 008 | 230406b cb ||||| |||| 00| 0 eng d | ||
| 020 | _a9780545644679 | ||
| 040 |
_aBTCTA _beng _cBTCTA _dBDX _dDCH _dIFJ _dCO2 _dOCP _dUKMGB _dNYP _dWL8 _dKCP _dDLC _dFISKH |
||
| 042 | _alccopycat | ||
| 050 | 0 | 0 |
_aQL544.2 _b.M258 2012 |
| 082 | 0 | 4 |
_a595.78/9 _223 |
| 100 | 1 | _aMarsh, Laura F. | |
| 245 | 1 | 0 |
_aCaterpillar to butterfly / _cLaura Marsh. |
| 260 |
_aWashington, D.C. : _bNational Geographic, _c2012. |
||
| 300 |
_a32 p. : _bcol. ill. ; _c24 cm. |
||
| 490 | 1 | _aNational Geographic readers. Level 1 | |
| 505 | 0 | _aRiddle -- Beautiful butterflies -- Four stages -- Time for lunch! -- Cool butterfly facts -- Back off! -- Moth or butterfly? -- Bring butterflies to you -- What in the world? | |
| 520 |
_aIntroduces readers to butterflies and the process by which they go from being an egg, to a caterpillar, to a chrysalis, and finally to a butterfly-- _csource other than Library of Congress. |
||
| 521 | 8 |
_a470
_bLexile |
|
| 521 | 8 |
_aH
_bRaz-Plus |
|
| 650 | 0 |
_aCaterpillars _vJuvenile literature. |
|
| 650 | 0 |
_aButterflies _vJuvenile literature. |
|
| 830 | 0 |
_aNational Geographic readers. _nLevel 1 |
|
| 906 |
_a7 _bcbc _ccopycat _d3 _encip _f20 _gy-gencatlg |
||
| 942 |
_2ddc _cBK _n0 |
||
| 999 |
_c390 _d390 |
||